| 000 | 00367nam a2200157Ia 4500 | ||
|---|---|---|---|
| 008 | 221030s9999 xx 000 0 und d | ||
| 020 | _a0143100947 | ||
| 041 | _aEnglish | ||
| 082 | _a105.23 | ||
| 100 | _aR. Ash | ||
| 245 | 0 |
_aWhitaker`s World of Facts _cby R. Ash |
|
| 260 |
_bPenguin books. _aNew Delhi _c2007 |
||
| 300 | _a320 | ||
| 650 | _aGeneral | ||
| 942 | _cBK | ||
| 999 |
_c5708 _d5708 |
||